000 00921nam a2200265Ia 4500
005 20240530105353.0
008 140319s2003 xx 000 0 ara d
020 _a9773390993
040 _aGCL /
_cGCL
082 0 4 _a922.6 /
_bع ا
100 1 _aعبدالمنعم الجغفرى
245 1 0 _aاعلام ومشاهير الصوفية /
_cعبدالمنعم الجغفرى
260 _aالقاهرة :
_bالدار الثقافية للنشر ،
_c2003
300 _a232 ص ؛
_c18 سم
650 0 4 _aالكتابة
650 0 4 _aاعلام الصوفية
650 0 4 _aاللغة العربية
650 0 4 _aالكتب الدراسية
650 0 4 _aقواعد اللغة والهجاء
650 0 4 _aالطرق الصوفية
650 0 4 _aالمتصوفون
650 0 4 _aالتصوف الاسلامى - مدارس
942 _2ddc
_cBK
999 _c55383
_d55383